14 Ways Not to Have a 'Beer' Quiz Stats

 Plays Quiz Updated Feb 11, 2019

Challenge
Share
Tweet
Embed
Score 0/14 Timer 01:00
10 Plays Today
% Correct
Deer
90.4%
Leer
86.8%
Seer
84.3%
Bear
82.3%
Peer
78.5%
Beet
76.1%
Been
70.3%
% Correct
Veer
69.1%
Jeer
65.2%
Weer
64.4%
Bees
62.7%
Beep
61.1%
Beef
57%
Bier
57%

You're not logged in!

Compare scores with friends on all Sporcle quizzes.
OR
Log In

You Might Also Like...

Show Comments

Extras

Top Quizzes Today


Score Distribution

Your Account Isn't Verified!

In order to create a playlist on Sporcle, you need to verify the email address you used during registration. Go to your Sporcle Settings to finish the process.

Report this User

Report this user for behavior that violates our Community Guidelines.

Details: